Turtles of Tasman : and other stories /

Saved in:
Bibliographic Details
Main Author: London, Jack, 1876-1916
Format: Book
Language:English
Published: London : Mills & Boon, [n.d.]
LEADER 00744nam a2200205 a 4500
001 c000093708
003 CARM
005 00000000000000.0
008 940506n enk 00011 eng d
019 1 |a 10862262  |5 LACONCORD2021 
035 |a (OCoLC)12339233  |5 LACONCORD2021 
040 |a VLINC  |c VLINC 
100 1 |a London, Jack,  |d 1876-1916. 
245 1 0 |a Turtles of Tasman :  |b and other stories /  |c by Jack London. 
260 |a London :  |b Mills & Boon,  |c [n.d.] 
300 |a 186 p. ;  |c 17 cm. 
852 8 |b CARM  |h A2:AD04H0  |i A00974  |p 0106403  |f BK 
082 0 4 |a 813.5  |2 20 
999 f f |i a974e368-56d1-5a59-a656-4efbcc6599b0  |s 8374f5ce-ef35-50cd-9029-75d970c02c7f 
952 f f |p Can circulate  |a CAVAL  |b CAVAL  |c CAVAL  |d CARM 1 Store  |e A00974  |f A2:AD04H0  |h Other scheme  |i book  |m 0106403